| Поле | Название | Значение |
| |
Тип записи |
a |
| |
Библиографический уровень |
m |
| 001 |
Контрольный номер |
RU/URAIT/582765 |
| 005 |
Дата корректировки |
20260429163600.2 |
| 008 |
Кодируемые данные |
260429s2026 RU y f j 000 0 rus u |
| 020 |
Индекс ISBN |
__ |
| a |
ISBN |
978-5-534-16113-7 |
| c |
Цена, тираж |
2129.00 |
| 040 |
Источник каталогиз. |
__ |
| a |
Служба первич. каталог. |
ИКО Юрайт |
| c |
Служба, преобразующая запись |
ИКО Юрайт |
| e |
Правила каталог. |
RCR |
| 041 |
Код языка издания |
__ |
| a |
Код языка текста |
rus |
| 044 |
Код страны публикации |
__ |
| a |
Код страны публикации |
RU |
| 080 |
Индекс УДК |
__ |
| a |
Индекс УДК |
34(075.8) |
| 084 |
Индекс другой классификации/Индекс ББК |
__ |
| 2 |
Источник индекса |
rubbk |
| a |
Индекс другой классификации/Индекс ББК |
56.14я73 |
| 100 |
Автор |
__ |
| a |
Автор |
Клименко Т. В. |
| q |
Полное имя |
Клименко Татьяна Валентиновна |
| 245 |
Заглавие |
__ |
| a |
Заглавие |
Судебная психиатрия |
| b |
Продолж. заглавия |
учебник для вузов |
| c |
Ответственность |
Т. В. Клименко. |
| 250 |
Сведения об издании |
__ |
| g |
|
пер. и доп |
| a |
Основные сведения об издании |
3-е изд. |
| 256 |
Характеристики компьютерного файла |
__ |
| a |
Характеристики компьютерного файла |
Электрон. дан. |
| 260 |
Выходные данные |
__ |
| a |
Место издания |
Москва |
| b |
Издательство |
Юрайт |
| c |
Дата издания |
2026 |
| 300 |
Физическое описание |
__ |
| a |
Объем |
410 с |
| 440 |
Серия |
__ |
| a |
Серия |
Высшее образование |
| 500 |
Примечания |
__ |
| a |
Примечание |
URL: https://urait.ru/bcode/582765 (дата обращения: 29.04.2026). |
| 520 |
Аннотация |
__ |
| a |
Аннотация |
В курсе отражаются современные данные по правовым проблемам судебной психиатрии, общей психопатологии, клиническим проявлениям наиболее распространенных психических расстройств и их судебно-психиатрической оценке. Дается характеристика судебно-психиатрических экспертных подходов в уголовном и гражданском процессе при различных вариантах психической патологии. Представлены экспертологические сведения и положения Уголовно-процессуального кодекса Российской Федерации и Федерального закона «О государственной судебно-экспертной деятельности в Российской Федерации». Приводятся правовые и психиатрические принципы проведения мер медицинского характера в отношении лиц, признанных невменяемыми, а также особенности оказания психиатрической помощи осужденным (пенитенциарной психиатрии). Материал изложен с учетом действующего законодательства Российской Федерации. Соответствует актуальным требованиям федерального государственного образовательного стандарта высшего образования. Для студентов, аспирантов, слушателей курсов повышения квалификации, преподавателей юридических вузов и медицинских факультетов вузов, а также для работников правоохранительных органов (следователей, прокуроров, судей, сотрудников органов юстиции), адвокатов, судебных психиатров и судебных психологов. |
| 538 |
Прим. о системных особенностях |
__ |
| a |
Прим. о системных особенностях |
Режим доступа: Электронно-библиотечная система Юрайт, для авториз. пользователей |
| 653 |
Ключевые слова |
__ |
| a |
Ключевые слова |
Клиническая и медицинская психология. Патопсихология. Психиатрия |
| 653 |
Ключевые слова |
__ |
| a |
Ключевые слова |
Медицина и фармакология |
| 653 |
Ключевые слова |
__ |
| a |
Ключевые слова |
Судебная психиатрия |
| 653 |
Ключевые слова |
__ |
| a |
Ключевые слова |
Судебно-психиатрическая экспертиза |
| 653 |
Ключевые слова |
__ |
| a |
Ключевые слова |
Основы судебно-психологической и психолого-психиатрической экспертиз |
| 653 |
Ключевые слова |
__ |
| a |
Ключевые слова |
Судебно-психиатрические экспертизы в уголовном судопроизводстве |
| 653 |
Ключевые слова |
__ |
| a |
Ключевые слова |
Основы судебной психиатрии |
| 653 |
Ключевые слова |
__ |
| a |
Ключевые слова |
Современные проблемы назначения и производства судебно-психиатрических экспертиз |
| 653 |
Ключевые слова |
__ |
| a |
Ключевые слова |
Судебно-психиатрическая экспертиза для юристов |
| 856 |
Электронный адрес документа |
40 |
| n |
Местонахождение сервера |
Юрайт |
| g |
|
Электронная книга |
| q |
Тип электронного формата |
html |
| h |
Имя пользователя |
ЮРАЙТ |
| v |
Часы доступа к ресурсу |
20271231 |
| 2 |
Способ доступа |
Показать документ |
| x |
Служебное примечание |
https://urait.ru/book/cover/0B2622A1-0941-4767-AF2B-CB804C3B45AC |
| u |
URL |
https://urait.ru/bcode/582765 |
| 856 |
Электронный адрес документа |
48 |
| q |
Тип электронного формата |
cover |
| u |
URL |
https://urait.ru/book/cover/0B2622A1-0941-4767-AF2B-CB804C3B45AC |
| 911 |
|
__ |
| u |
|
0030=https://urait.ru/bcode/582765 |
| 911 |
|
__ |
| u |
|
073a=9785534161137 |
| u |
|
073d=2129.00 |
| 911 |
|
__ |
| u |
|
106a=s |
| 911 |
|
__ |
| u |
|
900l= |
| 952 |
Тип литературы |
__ |
| i |
Дисциплина |
Судебная психиатрия |
| 952 |
Тип литературы |
__ |
| i |
Дисциплина |
Судебно-психиатрическая экспертиза |
| 952 |
Тип литературы |
__ |
| i |
Дисциплина |
Основы судебно-психологической и психолого-психиатрической экспертиз |
| 952 |
Тип литературы |
__ |
| i |
Дисциплина |
Судебно-психиатрические экспертизы в уголовном судопроизводстве |
| 952 |
Тип литературы |
__ |
| i |
Дисциплина |
Основы судебной психиатрии |
| 952 |
Тип литературы |
__ |
| i |
Дисциплина |
Современные проблемы назначения и производства судебно-психиатрических экспертиз |
| 952 |
Тип литературы |
__ |
| i |
Дисциплина |
Судебно-психиатрическая экспертиза для юристов |